000 00783nam a2200205 i 4500
001 189491
003 ES-MaACL
005 20250902233322.0
007 t|
008 190605s1941 sp r ||||1| spa d
100 0 _aGarcía Nájera, José María.
_955019
245 1 0 _aTeoría matemática de la corrección de torrentes /
_cpor José Mª García Nájera.
260 _aMadrid :
_bInstituto Forestal de Investigaciones y Experiencias,
_c1941.
300 _a41 p. ;
_c23 cm.
490 1 _aInstituto Forestal de Investigaciones y Experiencias ;
_vAño XII, nº 20
650 7 _aIngeniería hidráulica
_2embne
_9136287
830 0 _aInstituto Forestal de Investigaciones y Experiencias ;
_vAño XII, nº 20
_9181435
852 _aES-MaACL
_jP-569-Bis-9
999 _c189491
_d189491